000 00956nam a2200313 a 4500
003 AR-BaBNM
005 20251128205414.0
008 082120s2002 ||||||||||||||000 | spa||
020 _a84-249-1451-1
040 _cAR-BaBNM
100 1 _aLuzán, Ignacio
245 0 0 _aArte de hablar o sea retórica de las conversaciones
_bse añaden los avisos de Isócrates a Demónico, traducidos del griego
260 _aMadrid
_bGredos
_c1991
300 _a230 p.
490 0 _aBiblioteca Románica Hispánica. Textos
_vv. 20
500 _aContiene índice de autores y obras en p. 223
650 4 _aRETORICA
650 4 _aLENGUAJE HABLADO
650 4 _aEJERCITACION DE LA EXPRESION ORAL
650 4 _aEXPRESION ORAL
650 4 _aCOMUNICACION VERBAL
650 4 _aPERSUASION
650 4 _aORATORIA
655 _aLITERATURA
700 1 _aBéjar Hurtado, Manuel
_eeditor
800 1 _aAlonso, Dámaso
_efundador
942 _cBK
998 _cMARTIN
999 _c11303
_d11303